Khảo sát lỗi viết đoạn văn của học sinh khối 10 trường trung học phổ thông Tiểu La - Quảng Nam
Một số vấn đề lý luận liên quan đến đề tài. Thực trạng lỗi viết đoạn văn của học sinh khối 10 trường trung học phổ thông Tiêu La - Quảng Nam. Nguyên nhân và một số giải pháp khắc phục lỗi viết đoạn văn của học sinh khối 10 trường trung học phổ thông Tiểu La - Quảng Nam...
Tallennettuna:
| Päätekijä: | |
|---|---|
| Muut tekijät: | |
| Aineistotyyppi: | Kirja |
| Kieli: | Vietnamese |
| Julkaistu: |
Đại học Đà Nẵng
ĐH Sư phạm
2008
|
| Aiheet: | |
| Tagit: |
Lisää tagi
Ei tageja, Lisää ensimmäinen tagi!
|
| Thư viện lưu trữ: | Mạng thư viện Đại học Đà Nẵng |
|---|
| LEADER | 01719nam a2200361 4500 | ||
|---|---|---|---|
| 001 | 000011572 | ||
| 003 | 7825 | ||
| 005 | 20120207090249.0 | ||
| 008 | 120207s2008 viesd | ||
| 041 | |a vie | ||
| 072 | |a Khóa luận tốt nghiệp | ||
| 082 | |a 373.238 |b NG-T | ||
| 100 | |a Nguyễn, Thị Thanh |e Tác giả | ||
| 245 | |a Khảo sát lỗi viết đoạn văn của học sinh khối 10 trường trung học phổ thông Tiểu La - Quảng Nam |c Nguyễn Thị Thanh | ||
| 260 | |a Đại học Đà Nẵng |b ĐH Sư phạm |c 2008 | ||
| 300 | |a 52 tr. |c 29 cm | ||
| 500 | |a Khóa luận tốt nghiệp khoa Ngữ văn. ngành: Cử nhân văn học | ||
| 520 | |a Một số vấn đề lý luận liên quan đến đề tài. Thực trạng lỗi viết đoạn văn của học sinh khối 10 trường trung học phổ thông Tiêu La - Quảng Nam. Nguyên nhân và một số giải pháp khắc phục lỗi viết đoạn văn của học sinh khối 10 trường trung học phổ thông Tiểu La - Quảng Nam | ||
| 653 | |a Khảo sát | ||
| 653 | |a Lỗi viết đoạn văn | ||
| 653 | |a Học sinh khối 10 | ||
| 653 | |a THPT Tiểu La - Quảng Nam | ||
| 700 | |a Vũ Thị Thịnh |c Th.S |e Hướng dân | ||
| OWN | |a LSP | ||
| AVA | |a UDN50 |b LSP |d 373.238 NG-T |e available |t Error 5001 Not defined in file expand_doc_bib_avail. |f 1 |g 0 |h N |i 0 |k 1 | ||
| 999 | |a From the UDN01 | ||
| AVA | |a UDN50 |b LSP |d 373.238 NG-T |e available |t Error 5001 Not defined in file expand_doc_bib_avail. |f 1 |g 0 |h N |i 0 |k 1 | ||
| TYP | |a Monograph | ||
| TYP | |a Printed language | ||
| 980 | |a Mạng thư viện Đại học Đà Nẵng | ||